The Mars Quiz - Statistics

General Stats
  • This quiz has been taken 18,746 times
    18,613 since last reset
  • The average score is 10 of 18
Answer Stats
Hint Answer % Correct
Mars is named after the Roman god of ____ War
95%
Compound that gives Mars a reddish appearance {Iron} Oxide
77%
Greek name of that Roman god Ares
74%
American company founded in 2002 with the goal of enabling the colonization of Mars SpaceX
69%
It is predicted that in 35–50 million years Mars will gain one of these, something that 4 of the 8 planets already have a Ring
67%
Actor who was the main star of the 2015 movie "The Martian" Matt Damon
67%
Type of storm that sometimes encircles the entire planet {Dust} Storm
65%
Largest volcano in the Solar System {Olympus} Mons
62%
The first country to send a probe to the surface of Mars, in 1971 Soviet Union
60%
Gas that composes 95.97% of Mars's thin atmosphere Carbon Dioxide
56%
Two moons of Mars Phobos
52%
Two moons of Mars Deimos
46%
The Valles Marineris is a system of long and extremely deep ... Canyons
45%
Looney Tunes character from Mars that wants to destroy Earth {Marvin} the Martian
41%
Name either one of the two NASA rovers that are currently operating on Mars Curiosity | Perseverance
36%
Term for the period of time it takes for Mars to rotate, about 24 hours and 39 minutes Sol
28%
The first functioning Mars probe, which landed in 1976 Viking 1
14%
Spacecraft which performed the first successful flyby of Mars in 1965 Mariner 4
11%
No matching quizzes found
Score Distribution
Percent of People with Each Score
Percentile by Number Answered
Your Score History
You have not taken this quiz since the last reset